Datum a čas kvízu
24
Celkem bodů
Celkový počet nahraných bodů na tomto kvízu bez doplňovacích otázek.
8.
Pořadí na kvízu
Konečné umístění týmu na tomto kvízu.
Zaznamenané odpovědi
| # | Otázka | Odpověď | Body | Výsledky |
|---|---|---|---|---|
| 1. | Ministr školství Robert Plaga... | 26. června | 1 | |
| 2. | Minulou středu odstartovala z... | A | 1 | |
| 3. | Jedna česká sportovkyně se v p... | Petra Kvitová | 1 | |
| 4. | Vláda kterého evropského státu... | Polska | 1 | |
| 5. | Který slavný sportovec minulý... | Tiger Woods | 1 | |
| 6. | Vítězné téma facebookového hla... | 1C 2A 3B 4D | 1 | |
| 7. | Ve Formuli 1 můžeme občas zazn... | A | 0 | |
| 8. | Nejvíce velkých cen, k sezóně... | A | 0 | |
| 9. | Které křestní jméno má mladší... | Ralf | 1 | |
| 10. | Ve kterém státě se nachází záv... | v Japonsku | 1 |